[Event "HUN-ch U16 Girls"]
[Site "Celldoemoelk"]
[Date "2011.06.30"]
[Round "4"]
[White "Szente Varga, Fruzsina"]
[Black "Karikas, Marianna"]
[Result "1-0"]
[WhiteElo "1971"]
[BlackElo "1813"]
[PlyCount "137"]
[EventDate "2011.06.27"]
[EventType "tourn"]
[EventRounds "7"]
[EventCountry "HUN"]
[SourceTitle "EXT 2012"]
[Source "ChessBase"]
[SourceDate "2011.11.24"]
[SourceVersion "1"]
[SourceVersionDate "2011.11.24"]
[SourceQuality "1"]

1. d4 f5 2. Nc3 Nf6 3. Bg5 g6 4. Bxf6 exf6 5. e3 c6 6. d5 Qb6 7. Rb1 Na6 8. Bc4 Nc5 9. Nge2 Qc7 10. b4 Na6 11. a3 b5 12. Ba2 Qe5 13. Qd2 Nc7 14. 0-0 Bb7 15. Rfd1 cxd5 16. Nxd5 Bxd5 17. Bxd5 Nxd5 18. Qxd5 Qxd5 19. Rxd5 a6 20. Rbd1 Ra7 21. Nd4 Rc7 22. Nb3 d6 23. R1d2 Kf7 24. Kf1 Be7 25. Ke2 Rhc8 26. Kd1 Rc3 27. R5d3 R3c7 28. Kc1 Rc3 29. Kb2 Rxd3 30. Rxd3 Ke6 31. Nd4+ Kd7 32. Kb3 Bd8 33. Ne2 Bb6 34. Nc3 Ke6 35. a4 bxa4+ 36. Nxa4 Ba7 37. c4 f4 38. exf4 Bxf2 39. Nc3 f5 40. Rd2 Bg1 41. Nd5 Kf7 42. Re2 Re8 43. Rxe8 Kxe8 44. h3 Kd8 45. Ka4 Kc8 46. Ka5 Kb7 47. Nf6 Bh2 48. Nxh7 Bxf4 49. Nf8 g5 50. Ne6 Be3 51. Ng7 f4 52. Ne6 f3 53. gxf3 Bb6+ 54. Ka4 Be3 55. Ng7 Kb6 56. Nf5 Bf4 57. h4 gxh4 58. Nxh4 Bd2 59. Nf5 Bf4 60. Ne7 Bd2 61. f4 Kb7 62. Nd5 Be1 63. f5 Bd2 64. f6 Bh6 65. f7 Bg7 66. Nf4 Kc6 67. Ne6 Bh6 68. f8Q Bxf8 69. Nxf8 1-0

[Event "HUN-ch U16 Girls"]
[Site "Celldoemoelk"]
[Date "2011.06.28"]
[Round "2"]
[White "Juhasz, Barbara"]
[Black "Karikas, Marianna"]
[Result "1-0"]
[WhiteElo "2020"]
[BlackElo "1813"]
[PlyCount "67"]
[EventDate "2011.06.27"]
[EventType "tourn"]
[EventRounds "7"]
[EventCountry "HUN"]
[SourceTitle "EXT 2012"]
[Source "ChessBase"]
[SourceDate "2011.11.24"]
[SourceVersion "1"]
[SourceVersionDate "2011.11.24"]
[SourceQuality "1"]

1. e4 d5 2. exd5 Qxd5 3. Nc3 Qd8 4. d4 g6 5. Nf3 Bg7 6. Be3 Nh6 7. h3 Nf5 8. Qd2 0-0 9. 0-0-0 Nd7 10. Bd3 Nd6 11. Bh6 Nf6 12. Bxg7 Kxg7 13. Ne5 c6 14. f3 Bf5 15. Bxf5 Nxf5 16. g4 Nd6 17. h4 Nd5 18. Nxd5 cxd5 19. h5 Rh8 20. Rh2 Qc7 21. Rdh1 Nc4 22. h6+ Kg8 23. Qf4 Nxe5 24. dxe5 Rc8 25. Rd1 Qc5 26. e6 f6 27. Qd4 Qd6 28. Qxd5 Rc6 29. Rhd2 Kf8 30. Qa5 Qxe6 31. Qd8+ Kf7 32. Qxh8 Qe3 33. Qxh7+ Ke6 34. Qg8+ 1-0

[Event "HUN-chT2 Barcza 1011"]
[Site "Hungary"]
[Date "2011.04.10"]
[Round "8.12"]
[White "Karikas, Marianna"]
[Black "Bodnar, Mate"]
[Result "1-0"]
[WhiteElo "1806"]
[BlackElo "1636"]
[PlyCount "59"]
[EventDate "2010.09.12"]
[EventType "team-tourn"]
[EventRounds "11"]
[EventCountry "HUN"]
[SourceTitle "EXT 2012"]
[Source "ChessBase"]
[SourceDate "2011.11.24"]
[SourceVersion "1"]
[SourceVersionDate "2011.11.24"]
[SourceQuality "1"]
[WhiteTeam "Hajduboszormeny"]
[BlackTeam "DEAC"]
[WhiteTeamCountry "HUN"]
[BlackTeamCountry "HUN"]

1. d4 Nf6 2. Nf3 d6 3. c4 g6 4. Nc3 Bg7 5. e3 0-0 6. Bd3 e6 7. 0-0 b6 8. Rb1 c5 9. d5 exd5 10. cxd5 Bb7 11. Bc4 Re8 12. Qc2 b5 13. Nxb5 Bxd5 14. Bxd5 Nxd5 15. Qd2 a6 16. Qxd5 Nd7 17. Nxd6 Nb6 18. Qxf7+ Kh8 19. Nxe8 Qxe8 20. Qxe8+ Rxe8 21. Rd1 Rb8 22. b3 Na4 23. Bd2 Nb2 24. Rdc1 Nd3 25. Rc4 a5 26. Bc3 Rd8 27. Bxg7+ Kxg7 28. Rd1 Kh8 29. Rc3 a4 30. Rcxd3 1-0

[Event "HUN-chT2 Barcza 1011"]
[Site "Hungary"]
[Date "2010.09.12"]
[Round "1.12"]
[White "Karikas, Marianna"]
[Black "Jakab, Gergely Sandor"]
[Result "1/2-1/2"]
[WhiteElo "1806"]
[BlackElo "1727"]
[PlyCount "56"]
[EventDate "2010.09.12"]
[EventType "team-tourn"]
[EventRounds "11"]
[EventCountry "HUN"]
[SourceTitle "EXT 2012"]
[Source "ChessBase"]
[SourceDate "2011.11.24"]
[SourceVersion "1"]
[SourceVersionDate "2011.11.24"]
[SourceQuality "1"]
[WhiteTeam "Hajduboszormeny"]
[BlackTeam "Edeleny"]
[WhiteTeamCountry "HUN"]
[BlackTeamCountry "HUN"]

1. d4 Nf6 2. Nf3 g6 3. c4 d6 4. Nc3 Nbd7 5. e3 Bg7 6. Bd3 0-0 7. 0-0 c6 8. Qe2 Re8 9. Rd1 Qc7 10. b3 e5 11. Qc2 Nb6 12. h3 Be6 13. Bb2 Nfd7 14. dxe5 Nxe5 15. Nd4 Nxd3 16. Qxd3 d5 17. Nxe6 fxe6 18. cxd5 exd5 19. Rac1 Qf7 20. Qc2 Nd7 21. Ne2 Rf8 22. Nd4 Ne5 23. Ba3 Rfe8 24. Bb2 Rf8 25. Ba3 Rfe8 26. Bb2 Rf8 27. Ba3 Rfe8 28. Bb2 Rf8 1/2-1/2